The family under the bridge / (Record no. 2244)

MARC details
000 -LEADER
fixed length control field 00907cam a22002651 4500
005 - DATE AND TIME OF LATEST TRANSACTION
control field 20250307132642.0
020 ## - INTERNATIONAL STANDARD BOOK NUMBER
International Standard Book Number 9780590441698
040 ## - CATALOGING SOURCE
Original cataloging agency DLC
Language of cataloging eng
Transcribing agency DLC
Modifying agency DLC
050 00 - LIBRARY OF CONGRESS CALL NUMBER
Classification number PZ7.C2167
Item number Fam
082 00 - DEWEY DECIMAL CLASSIFICATION NUMBER
Classification number 813.54
100 1# - MAIN ENTRY--PERSONAL NAME
Personal name Carlson, Natalie Savage
245 14 - TITLE STATEMENT
Title The family under the bridge /
Statement of responsibility, etc. pictures by Garth Williams
250 ## - EDITION STATEMENT
Edition statement First Scholastic printing, October 1990
260 ## - PUBLICATION, DISTRIBUTION, ETC.
Place of publication, distribution, etc. New York :
Name of publisher, distributor, etc. Scholastic,
Date of publication, distribution, etc. 1958
300 ## - PHYSICAL DESCRIPTION
Extent 97 pages :
Other physical details illustrations
Dimensions 19 cm
505 ## - FORMATTED CONTENTS NOTE
Formatted contents note R
520 ## - SUMMARY, ETC.
Summary, etc. An old tramp, adopted by three fatherless children when their mother hides them under a bridge on the Seine, finds a home for mother and children and a job for himself.
521 ## - TARGET AUDIENCE NOTE
Target audience note 680
Source Lexile
521 ## - TARGET AUDIENCE NOTE
Target audience note R
Source Raz-Plus
650 #1 - SUBJECT ADDED ENTRY--TOPICAL TERM
Topical term or geographic name entry element Tramps
Form subdivision Fiction.
700 1# - ADDED ENTRY--PERSONAL NAME
Personal name Williams, Garth
Relator term illustrator
906 ## - LOCAL DATA ELEMENT F, LDF (RLIN)
a 7
b cbc
c orignew
d u
e ocip
f 19
g y-gencatlg
942 ## - ADDED ENTRY ELEMENTS (KOHA)
Source of classification or shelving scheme Dewey Decimal Classification
Koha item type Books
Suppress in OPAC No
999 ## -
-- 2244
-- 2244
Holdings
Withdrawn status Lost status Source of classification or shelving scheme Damaged status Not for loan Collection Home library Current library Shelving location Date acquired Total Checkouts Full call number Barcode Date last seen Price effective from Koha item type Copy number
    Dewey Decimal Classification     Juvenile Fiction Footprints International School Library Network Toul Kork Campus Footprints International School Library Network Toul Kork Campus TK Primary Library Room(4th Floor), Bookcase 5&6, Shelves 33-56, Orange Books 11/13/2023   WIL 813.54 PZ7.C2167 FISTK00370 11/13/2023 11/13/2023 Books  
    Dewey Decimal Classification     Juvenile Fiction Footprints International School Library Network Toul Tom Poung Campus Footprints International School Library Network Toul Tom Poung Campus TTP Primary Orange Bookshelves 03/06/2025   WIL 813.54 PZ7.C2167 2025-0739 03/06/2025 03/06/2025 Books 2